| 000 | 00296nam a2200121Ia 4500 | ||
|---|---|---|---|
| 999 |
_c1125 _d1125 |
||
| 003 | yeezen | ||
| 005 | 20230329114938.0 | ||
| 008 | 180201s9999||||xx |||||||||||||| ||und|| | ||
| 020 |
_cNT360 _a978-986-320-424-4 |
||
| 100 | _a王鶴 | ||
| 245 | 0 |
_c王鶴 _a富士山小旅行 |
|
| 250 | _a一版 | ||
| 260 |
_c2014.03 _a台北市 |
||
| 300 |
_c cm. _a p. |
||
| 942 |
_2ccl _cBOOK |
||